000 00267nam a22001097a 4500
082 _a415/SIN
100 _aSingh, Neetu
_966897
245 _aEnglish for general competitions (Vol-1)
260 _aDelhi
_bKD Publication
_c2023
650 _aEnglish Grammer
942 _cBK
999 _c66230
_d66230